Mexico : Financial Sector Assessment Program Update; Technical Note; Risk Management Practices and Stress Tests of Commercial Banks, The Insurance Sector, and the Derivatives Exchange.

This technical note on Mexico's Financial Sector Assessment Program update presents an overview of the risk management practices and stress test results carried out for the Mexican commercial banks and the insurance sector. The stress test results include the reporting of scenario analyses unde...

ver descrição completa

Detalhes bibliográficos
Autor Corporativo: International Monetary Fund
Formato: Periódico
Idioma:English
Publicado em: Washington, D.C. : International Monetary Fund, 2007.
coleção:IMF Staff Country Reports; Country Report ; No. 2007/165
Acesso em linha:Full text available on IMF
LEADER 01776cas a2200241 a 4500
001 AALejournalIMF009294
008 230101c9999 xx r poo 0 0eng d
020 |c 5.00 USD 
020 |z 9781451825732 
022 |a 1934-7685 
040 |a BD-DhAAL  |c BD-DhAAL 
110 2 |a International Monetary Fund. 
245 1 0 |a Mexico :   |b Financial Sector Assessment Program Update; Technical Note; Risk Management Practices and Stress Tests of Commercial Banks, The Insurance Sector, and the Derivatives Exchange. 
264 1 |a Washington, D.C. :  |b International Monetary Fund,  |c 2007. 
300 |a 1 online resource (19 pages) 
490 1 |a IMF Staff Country Reports 
500 |a <strong>Off-Campus Access:</strong> No User ID or Password Required 
500 |a <strong>On-Campus Access:</strong> No User ID or Password Required 
506 |a Electronic access restricted to authorized BRAC University faculty, staff and students 
520 3 |a This technical note on Mexico's Financial Sector Assessment Program update presents an overview of the risk management practices and stress test results carried out for the Mexican commercial banks and the insurance sector. The stress test results include the reporting of scenario analyses undertaken as part of the Mexico Financial System Assessment Program update to help in the assessment of the resilience of the financial system to a set of key risks. These scenarios complement other risk management practices such as liquidity risk and contagion analysis carried out by the relevant supervisors. 
538 |a Mode of access: Internet 
830 0 |a IMF Staff Country Reports; Country Report ;  |v No. 2007/165 
856 4 0 |z Full text available on IMF  |u http://elibrary.imf.org/view/journals/002/2007/165/002.2007.issue-165-en.xml  |z IMF e-Library